| 000 | 01180nam a2200229Ia 4500 | ||
|---|---|---|---|
| 001 | L220-4131 | ||
| 003 | IT-CnALBA | ||
| 008 | 170116s9999||||xx |||||||||||||| ||und|| | ||
| 040 |
_aIT-CnALBA _cIT-CnALBA |
||
| 041 | _aBILINGUE | ||
| 100 | _aDAVIDE, RE E PROFETA | ||
| 245 | 0 | _aSACRA SCRITTURA GIUSTA LA VOLGATA. GLI ULTIMI 75 SALMI DI DAVID. TOMO IX. | |
| 250 | _a1a ed. | ||
| 260 |
_a GE LUGDUNI _bOLZATI AGOST., STAMPERIA _c1789 [1° Ed.:1789 - Ed.Ling.Originale: 1789] |
||
| 300 | _a494 p. | ||
| 500 | _aMANCA IL TOMO IV E VI. EDIZIONE ILLUSTRATA. ELENCO DEI SALMI DAL LXXVI AL CL. SPIEGAZIONI LETTERALI E SPIRITUALI TRATTE DAI SS. PADRI E AUTORI ECCLESIASTICI DA DON LUIGI ISACCO, LE MAITRE DE SACY, TRADOTTE DAL FRANCESE. | ||
| 501 | _aSocietà San Paolo EM - Piazza San Paolo, 14 - 12051 ALBA (CN) (non commercial uses only) ® Copyright 2017 | ||
| 520 | _aMANCA IL TOMO IV E VI. EDIZIONE ILLUSTRATA. ELENCO DEI SALMI DAL LXXVI AL CL. SPIEGAZIONI LETTERALI E SPIRITUALI TRATTE DAI SS. PADRI E AUTORI ECCLESIASTICI DA DON LUIGI ISACCO, LE MAITRE DE SACY, TRADOTTE DAL FRANCESE. | ||
| 650 | _aBIBBIA - TESTI E COMMENTI | ||
| 942 | _cBK | ||
| 957 | _71 | ||
| 999 |
_a5109 _bSI _g Copie: 1 _c263317 _d263317 |
||